[Event "Minsk op"]
[Site "Minsk"]
[Date "1996.??.??"]
[Round "8"]
[White "Buligin, Alexander"]
[Black "Begun, Sergei M"]
[Result "1/2-1/2"]
[WhiteElo "2560"]
[BlackElo "2560"]

1.Nf3 d5 2.g3 Nf6 3.Bg2 c6 4.O-O Bg4 5.h3 Bh5 6.b3 e6 7.Bb2 Nbd7 8.d3 Be7
9.Nbd2 O-O 10.c4 a5 11.a3 Ne8 12.Qc2 Bf6 13.b4 Bxb2 14.Qxb2 Qf6 15.d4 Bxf3
16.Bxf3 Nd6 17.cxd5 exd5 18.Kg2 a4 19.e3 b5 20.e4 Nc4 21.Qc3 Ndb6 22.exd5 Nxd5
23.Qd3 Nxd2 24.Qxd2 Rac8 25.Rac1  1/2-1/2

[Event "Mondariz op"]
[Site "Mondariz"]
[Date "1996.??.??"]
[Round "?"]
[White "Ferrer, Pedro"]
[Black "Jimenez, Juan Leon"]
[Result "0-1"]
[WhiteElo "2275"]
[BlackElo "2240"]

1.Nf3 d5 2.g3 c5 3.Bg2 Nc6 4.c4 d4 5.d3 e5 6.b4 cxb4 7.O-O Nf6 8.a3 bxa3
9.Nbd2 Be7 10.Bxa3 O-O 11.Nb3 Bxa3 12.Rxa3 Qe7 13.Qa1 h6 14.Na5 Re8 15.Rb1 Qc7
16.Nd2 Nxa5 17.Rxa5 a6 18.Ra2 Rb8 19.Rab2 b6 20.Ne4 Nxe4 21.Bxe4 a5 22.Rb3 Bd7
23.Qb2 a4 24.Rb4 Qc5 25.Ra1 Rec8 26.Rb1 g6 27.h4 h5 28.Kh2 Kh7 29.Bg2 Re8
30.Qa2 Rf8 31.R1b2 f5 32.Rb5 Bxb5 33.Rxb5 Qc7 34.Qxa4 f4 35.Be4 fxg3+ 36.fxg3 Rf2+
37.Kg1 Rbf8 38.Rd5 R2f7 39.Qb5 Re7 40.Qb4 Rf6 41.Rb5 Ref7 42.Qb2 Rf1+ 43.Kh2 R7f2+
44.Bg2 Qc6 45.Rd5 Qf6  0-1

[Event "Monaco tt"]
[Site "Monte Carlo"]
[Date "1996.??.??"]
[Round "3"]
[White "Babault, Patrice"]
[Black "Flear, Christine"]
[Result "1/2-1/2"]
[WhiteElo "2305"]
[BlackElo "2220"]

1.Nf3 d5 2.g3 Nf6 3.Bg2 c6 4.O-O Bg4 5.d3 Nbd7 6.Nbd2 e6 7.b3 Be7 8.Bb2 O-O
9.h3 Bxf3 10.Bxf3 Qc7 11.c4 Rad8 12.Qc2 Ne5 13.Bg2 d4 14.c5 Ng6 15.f4 Nh5
16.Rf3 Rd5 17.b4 f5 18.e4 fxe4 19.dxe4 Rdd8 20.e5 Nxg3 21.Rxg3 Rxf4 22.Qb3 Qxe5
23.Nf3 Qe3+ 24.Qxe3 dxe3 25.Re1 Rxb4 26.Bc1  1/2-1/2

[Event "Montreal op"]
[Site "Montreal"]
[Date "1996.??.??"]
[Round "6"]
[White "Spraggett, Kevin"]
[Black "Hebert, Jean"]
[Result "1/2-1/2"]
[WhiteElo "2545"]
[BlackElo "2435"]

1.g3 d5 2.Nf3 c6 3.Bg2 Nf6 4.O-O g6 5.d4 Bg7 6.Nbd2 O-O 7.c4 Ne4 8.cxd5 Nxd2
9.Bxd2 cxd5 10.Qb3 Nc6 11.Rfc1 e6 12.e3 Qb6 13.Ne1 Bd7 14.Nd3 Qxb3 15.axb3 b6
16.Bf1 Rfc8 17.b4 Bf8 18.g4 g5 19.h3 f6 20.f3 Bd6 21.Kf2 h6 22.Bc3 Ne7 23.Ne1 Rc7
24.Ra6 Rd8 25.Rca1 Nc8 26.Bd3 Kg7 27.e4 Bc6 28.e5 Be7 29.Nc2 Be8 30.exf6+ Bxf6
31.Ne1 Bg6 32.Be2 Rdd7 33.Nd3 Nd6 34.Ne5 Bxe5 35.dxe5 Nc4 36.Bxc4 dxc4 37.Re1 Rd3
38.Raa1 Rcd7 39.Re3 R3d5 40.Rh1 Bc2 41.h4 Rd1 42.Ree1 Rxe1 43.Rxe1 Bd1 44.hxg5  1/2-1/2

[Event "Montreal op"]
[Site "Montreal"]
[Date "1996.??.??"]
[Round "7"]
[White "Leveille, Francois"]
[Black "Linsky, Oleg"]
[Result "0-1"]
[WhiteElo "2365"]
[BlackElo "2315"]

1.Nf3 d5 2.g3 c6 3.Bg2 Bg4 4.c4 e6 5.Qb3 Qb6 6.d3 Nd7 7.Be3 Bc5 8.d4 Bxf3
9.Qxb6 axb6 10.Bxf3 Bb4+ 11.Bd2 Bxd2+ 12.Nxd2 dxc4 13.Nxc4 Ke7 14.O-O b5
15.Nd2 Nb6 16.Ne4 Nd7 17.a3 Ngf6 18.Nc3 Nb6 19.Rac1 Rhd8 20.e3 h6 21.Rc2 Rd7
22.Bg2 Nbd5 23.Na2 Rdd8 24.Rb1 Ra4 25.Nc1 e5 26.dxe5 Ng4 27.e6 Ndxe3 28.fxe3 Rd1+
29.Bf1 Rxf1+ 30.Kxf1 Nxe3+ 31.Ke2 Nxc2 32.exf7 Nd4+ 33.Kd3 Ne6 34.Nb3 Kxf7
35.Rf1+ Ke7 36.Re1 Kd6 37.Rf1 b4 38.axb4 Rxb4 39.Kc3 Re4 40.Kd3 Re5 41.Rf7 Rd5+
42.Kc3 b5 43.Nc1 Rh5 44.h4 Re5 45.Kd2 Re4 46.Nd3 Rg4 47.Nf2 Rb4 48.Kc3 c5
49.Rb7 Nd4 50.Ne4+ Kc6 51.Rxg7 Rb3+ 52.Kd2 Rxb2+ 53.Kd3 Rb3+ 54.Kd2 Kd5 55.Nf6+ Kc4
56.Nd7 Rb2+ 57.Kd1 Kc3 58.Ke1 c4 59.Nf6 b4 60.Re7 Nf3+ 61.Kd1 Kb3 62.Ne4 c3
63.Nc5+ Kc4 64.Rc7 Kd5 65.Na4 Rd2+ 66.Kc1 Rg2 67.Nxc3+ bxc3 68.Rxc3 Rxg3
69.h5 Rh3 70.Kd1 Ng5 71.Rc8 Rxh5 72.Ke2 Ke4 73.Rc4+ Kf5 74.Ra4 Rh2+ 75.Ke3 Rh3+
76.Kf2 Rb3 77.Kg2 Rb2+ 78.Kg3 Rb3+ 79.Kg2 Rd3 80.Rb4 h5 81.Ra4 Nf7 82.Rh4 Kg5
83.Re4 Nd6 84.Ra4 Nf5 85.Rb4 h4 86.Ra4 Rd2+ 87.Kh3 Rd3+ 88.Kg2 h3+ 89.Kh2 Nh6
90.Ra8 Kh4 91.Ra1 Ng4+ 92.Kh1 Rd2 93.Rf1 Rd1  0-1

[Event "Moscow IM5"]
[Site "Moscow"]
[Date "1996.??.??"]
[Round "?"]
[White "Krasnov, Sergey"]
[Black "Klichev, Mikhail"]
[Result "1-0"]
[WhiteElo "2340"]
[BlackElo "2260"]

1.Nf3 d5 2.g3 g6 3.Bg2 Bg7 4.O-O e5 5.d3 Ne7 6.Nbd2 O-O 7.e4 Nbc6 8.b3 h6
9.Ba3 Be6 10.Re1 d4 11.Rc1 Qd7 12.c3 Rfe8 13.cxd4 exd4 14.Qc2 a5 15.Bf1 Nc8
16.Bc5 Ra6 17.a4 Bg4 18.Bg2 Bh3 19.Bxh3 Qxh3 20.Qc4 Nb6 21.Qc2 Nd7 22.Ba3 Nf6
23.Nf1 Ng4 24.Qd1 Re6 25.Bc5 Ra8 26.Rc2 Rae8 27.Nh4 Rf6 28.f3 Nge5 29.f4 Nd7
30.Ba3 Kh7 31.Rf2 Rfe6 32.Ree2 Nf6 33.Bc1 Ng4 34.Rg2 Nb4 35.Nf3 Qh5 36.Re1 Rc6
37.e5 Qf5 38.Nxd4 Qd7 39.Nxc6 Qxc6 40.Qxg4 Nxd3 41.Bd2 Qc5+ 42.Kh1 Nxe1 43.Bxe1 Qc1
44.Qe2 Rd8 45.Bd2 Rxd2 46.Qxd2 Qxf1+ 47.Rg1 Qf3+ 48.Qg2 Qxb3 49.Qe4 b6 50.Rc1 c5
51.Kg2 h5 52.Qc4 Qe3 53.Rc2 Qa3 54.Rd2 Qb4 55.Rc2 Kg8 56.Kf3 Qe1 57.Kg2 Qb4
58.Qxb4 axb4 59.Kf3 f6 60.Ke4 fxe5 61.fxe5 Kf7 62.Kd5 Ke7 63.Rf2 Ke8 64.Rf3 Ke7  1-0

[Event "Moscow GM3"]
[Site "Moscow"]
[Date "1996.??.??"]
[Round "?"]
[White "Iordachescu, Viorel"]
[Black "Aleksandrov, Aleksej"]
[Result "1-0"]
[WhiteElo "2440"]
[BlackElo "2535"]

1.Nf3 d5 2.g3 g6 3.Bg2 Bg7 4.O-O Nc6 5.c4 e6 6.d4 Nge7 7.e3 O-O 8.Nbd2 a5
9.b3 b6 10.Bb2 Ba6 11.Re1 Nb4 12.Qb1 a4 13.Ne5 axb3 14.axb3 c5 15.Bc3 Nec6
16.Ndf3 cxd4 17.Nxc6 Nxc6 18.Nxd4 Nxd4 19.Bxd4 Bxd4 20.exd4 Bb7 21.Qb2 Qd7
22.c5 Ba6 23.Qc3 Rfc8 24.h4 h5 25.Bf3 Qd8 26.Kg2 Bb7 27.b4 bxc5 28.dxc5 d4
29.Qd3 Rab8 30.Ra7 Bd5 31.Re5 Rc7 32.Rxd5 exd5 33.Rxc7 Qxc7 34.Bxd5 Kg7 35.Qxd4+ f6
36.c6 Qd6 37.Qa7+ Kh6 38.Qe3+ g5 39.hxg5+ fxg5 40.Qd4 h4 41.Qe4 Kg7 42.Qe6 Qc7
43.Be4 Rxb4 44.Qg6+ Kf8 45.Qf6+ Kg8 46.Bd5+ Kh7 47.Bf7 h3+ 48.Kh2  1-0

[Event "Moscow-2 (Women)"]
[Site "Moscow"]
[Date "1996.??.??"]
[Round "?"]
[White "Umanskaya, Irina"]
[Black "Konopelchenkova, Tatjana"]
[Result "1-0"]
[WhiteElo "2320"]
[BlackElo "2200"]

1.Nf3 d5 2.g3 Nf6 3.Bg2 e6 4.O-O Bd6 5.c4 c6 6.b3 e5 7.Bb2 Nbd7 8.cxd5 cxd5
9.Nc3 a6 10.d3 O-O 11.Nd2 Nb6 12.e4 d4 13.Ne2 Be6 14.h3 Nfd7 15.f4 f6 16.Nf3 Nc5
17.Nh4 Qd7 18.f5 Bf7 19.g4 Qb5 20.Rf3 Be7 21.Bc1 a5 22.Rg3 h6 23.Ng6 Bxg6
24.fxg6 Qe8 25.Rf3 Qxg6 26.Ng3 Nc8 27.Nf5 Ra6 28.Ba3 Re8 29.Nxe7+  1-0

[Event "Moscow PCA-GP"]
[Site "Moscow"]
[Date "1996.??.??"]
[Round "1.2"]
[White "Vaganian, Rafael A"]
[Black "Rublevsky, Sergei"]
[Result "1/2-1/2"]
[WhiteElo "2615"]
[BlackElo "2610"]

1.Nf3 d5 2.g3 Bg4 3.Bg2 Nd7 4.O-O Ngf6 5.d3 c6 6.Nbd2 e5 7.e4 dxe4 8.dxe4 Be7
9.Nc4 O-O 10.Qe1 Qc7 11.Ne3 Bxf3 12.Bxf3 Rfe8 13.a4 Nc5 14.Nf5 Bf8 15.Bg5 Nfd7
16.Qe2 Ne6 17.Be3 g6 18.Nh6+ Kg7 19.Bg4 Nd4 20.Qd1 Nf6 21.c3 Ne6 22.Bxe6 Rxe6
23.Qf3 Rd8 24.Rfd1 Rxd1+ 25.Rxd1 Rd6 26.Rxd6 Qxd6 27.Bg5 Qe6 28.Qe3 Nd7 29.Qxa7 Qb3
30.Qe3 Qxa4 31.Qd3 Nc5 32.Qf3 f5 33.exf5 Qe4 34.f6+ Kh8 35.Qd1 Nd3 36.Be3 Qd5
37.Qg4 Ne1 38.Kf1 Nf3 39.Qc8 Qd1+ 40.Kg2 Ne1+  1/2-1/2

[Event "Moscow-ch"]
[Site "Moscow"]
[Date "1996.??.??"]
[Round "2"]
[White "Saulin, Dmitri"]
[Black "Grigoriants, Sergey"]
[Result "1-0"]
[WhiteElo "2395"]
[BlackElo "2275"]

1.Nf3 d5 2.g3 Nf6 3.Bg2 e6 4.O-O Be7 5.d4 O-O 6.c4 Nbd7 7.Qc2 a6 8.Nbd2 c5
9.cxd5 exd5 10.dxc5 Bxc5 11.Nb3 Bb6 12.Bf4 Ne4 13.Qd3 Ndf6 14.Be3 Bd7 15.Bxb6 Qxb6
16.Qd4 Qd6 17.Ne5 Bb5 18.a4 Bc6 19.Nd3 Rfe8 20.Rac1 Ng5 21.Nf4 Ne6 22.Nxe6 fxe6
23.Na5 Nd7 24.b3 e5 25.Qd2 Nf6 26.Rc2 Rab8 27.Rfc1 Bd7 28.Rc7 b6 29.Nb7 Qe6
30.Qb4 Rec8 31.Rxc8+ Rxc8 32.Rxc8+ Bxc8 33.Nd8 Qf5 34.h3 b5 35.axb5 axb5
36.Qe7 Ne4  1-0

[Event "Moscow-ch"]
[Site "Moscow"]
[Date "1996.??.??"]
[Round "5"]
[White "Riazantsev, Alexander"]
[Black "Kosteniuk, Alexandra"]
[Result "1-0"]
[WhiteElo "2350"]
[BlackElo "2295"]

1.Nf3 d5 2.g3 Nf6 3.Bg2 e6 4.O-O Be7 5.d3 O-O 6.Nbd2 c5 7.e4 Nc6 8.c3 dxe4
9.dxe4 b6 10.Re1 Bb7 11.Qc2 Qc7 12.Nc4 b5 13.Bf4 Qc8 14.Nd6 Bxd6 15.Bxd6 Rd8
16.Bxc5 e5 17.Nh4 Qe6 18.Qe2 Na5 19.Qxb5 Qa6 20.Qxa6 Bxa6 21.Rad1 Rd3 22.Rxd3 Bxd3
23.f3 Nb7 24.Be3 g6 25.Bf1 Bxf1 26.Kxf1 Kg7 27.Rd1 a6 28.Ke2 Kf8 29.Ng2 Ke7
30.Ne1 Rc8 31.Nd3 Ke6 32.Nb4 a5 33.Nd5 Nd7 34.Nb6 Nxb6 35.Bxb6 Rc6 36.Be3 Nd6
37.Rc1 a4 38.Kd3 f5 39.c4 Nb7 40.c5 Nd8 41.Kc4 Kd7 42.Kb5 Kc7 43.Kxa4 Ra6+
44.Kb3 Kc6 45.a3 Ne6 46.Rd1 Nxc5+ 47.Bxc5 Kxc5 48.Rd5+ Kc6 49.Rxe5 Kd6 50.f4 fxe4
51.Rxe4 Kd5 52.Re7 h5 53.Kc3 Rc6+ 54.Kd3 Rb6 55.Re5+ Kd6 56.b4 Kc7 57.Kc4 Rd6
58.Rg5 Kb6 59.a4 Re6 60.a5+ Ka6 61.Kb3 Rd6 62.Ka4 Rf6 63.b5+ Kb7 64.Kb4 h4
65.Rg4 hxg3 66.hxg3 Re6 67.Rg5 Rd6 68.Kc5 Rf6 69.Re5 Rf7 70.Rg5 Rf6 71.Rd5 Rf7
72.a6+ Ka7 73.Kc6 Rf8 74.Rd7+ Ka8 75.b6  1-0

[Event "RUS-Cup2"]
[Site "Moscow"]
[Date "1996.??.??"]
[Round "5"]
[White "Dzhumaev, Murat"]
[Black "Lebedev, Vasili"]
[Result "1-0"]
[WhiteElo "2365"]
[BlackElo "2205"]

1.Nf3 d5 2.g3 c6 3.Bg2 Nf6 4.O-O Bg4 5.d3 Nbd7 6.Nbd2 e6 7.h3 Bxf3 8.exf3 Bd6
9.f4 O-O 10.b3 e5 11.fxe5 Bxe5 12.Rb1 Qb6 13.Nf3 Bd6 14.Bb2 Rfe8 15.Qd2 Ne5
16.Nh4 Nfd7 17.Nf5 Bf8  1-0

[Event "Moscow-ch"]
[Site "Moscow"]
[Date "1996.??.??"]
[Round "5"]
[White "Moizhess, Igor"]
[Black "Kosyrev, Vladimir"]
[Result "1/2-1/2"]
[WhiteElo "2410"]
[BlackElo "2315"]

1.Nf3 d5 2.g3 Nf6 3.Bg2 c6 4.O-O Nbd7 5.d4 e6 6.b3 Bd6 7.c4 O-O 8.Bb2 Ne4
9.Nbd2 f5 10.Ne5 Nxe5 11.dxe5 Bc5 12.Rc1 Qb6 13.Nxe4 fxe4 14.e3 Bd7 15.Qc2 Be7
16.Bh3 Qd8 17.Qc3 Bc8 18.Qd4 Qe8 19.f3 exf3 20.Bg4 c5 21.Qd3 dxc4 22.Rxc4 Bd7
23.Rf4 Rd8 24.Qc2 Qg6 25.Qxg6 hxg6 26.Rd1 Bc8 27.Rxf8+ Kxf8 28.Rxd8+ Bxd8  1/2-1/2

[Event "RUS-Cup2"]
[Site "Moscow"]
[Date "1996.??.??"]
[Round "6"]
[White "Zhelesny, Stanislav"]
[Black "Potapenko, A."]
[Result "0-1"]
[WhiteElo "2240"]
[BlackElo "2210"]

1.Nf3 d5 2.g3 g6 3.Bg2 Bg7 4.O-O e5 5.d3 Ne7 6.c4 c6 7.e4 O-O 8.b3 f5 9.Ba3 d4
10.Nbd2 Na6 11.c5 fxe4 12.dxe4 Bg4 13.h3 Bxf3 14.Bxf3 Nc7 15.Nc4 h5 16.h4 Ne6
17.Bg2 Rb8 18.Bh3 Nc7 19.Qd2 Kh7 20.Rad1 Ng8 21.f4 exf4 22.Rxf4 Nb5 23.Bb4 Qe7
24.Rxf8 Rxf8 25.Qe1 Nc3 26.Rd3 Qxe4 27.Qxe4 Nxe4 28.Bg2 Nc3 29.Rd2 Nf6 30.Nd6 Nfd5
31.a3 Bh6 32.Rd3 Be3+ 33.Kh1 Rf2 34.Ne4 Nxe4 35.Bxe4 Nf6 36.Bg2 Ng4 37.Bh3 Rh2+  0-1

[Event "Moscow Alekhine op"]
[Site "Moscow"]
[Date "1996.??.??"]
[Round "6"]
[White "Gorelov, Sergey G"]
[Black "Gorjatchev, Victor"]
[Result "1-0"]
[WhiteElo "2480"]
[BlackElo "2355"]

1.Nf3 d5 2.g3 Nf6 3.Bg2 e6 4.O-O Be7 5.c4 O-O 6.d4 dxc4 7.Qc2 b6 8.Ne5 Nd5
9.Nxc4 Bb7 10.a3 Nc6 11.e3 b5 12.Ncd2 a5 13.Nc3 Qd7 14.Nce4 a4 15.b4 Nd8
16.Bb2 Nb6 17.Nc5 Bxc5 18.Bxb7 Nxb7 19.dxc5 Nc4 20.Nxc4 bxc4 21.Qe4 c6 22.Rfd1 Qe7
23.Qxc4 Rac8 24.Rd2 Rfd8 25.Rad1  1-0

[Event "RUS-Cup2"]
[Site "Moscow"]
[Date "1996.??.??"]
[Round "7"]
[White "Ivanov, Vladimir Ivanovich"]
[Black "Sveshnikov, Evgeny"]
[Result "0-1"]
[WhiteElo "2415"]
[BlackElo "2535"]

1.Nf3 d5 2.g3 c6 3.Bg2 Nf6 4.O-O Bf5 5.d3 e6 6.Nbd2 Be7 7.c4 O-O 8.b3 a5
9.a3 Nbd7 10.Bb2 Re8 11.Qc2 Bg6 12.Bc3 Bf8 13.Qb2 c5 14.d4 Ne4 15.Nxe4 Bxe4
16.cxd5 exd5 17.dxc5 Nxc5 18.Bd4 Ne6 19.Rfd1 Qe7 20.Bc3 Rec8 21.b4 Qc7 22.Rac1 Qb6
23.bxa5 Qxb2 24.Bxb2 Rxc1 25.Rxc1 Rxa5 26.Rc8 Rb5 27.Bc1 Rc5 28.Rxc5 Bxc5
29.e3 Kf8 30.Nd2 Bxg2 31.Kxg2 Ke7 32.Kf3 Kd6 33.Ke2 Kc6 34.Kd3 Kb5 35.Nb1 Be7
36.Nc3+ Kc6 37.Kc2 Bf6 38.Ne2 Kb5 39.Bd2 Kc4 40.Bb4 h5 41.Nc1 d4 42.Kd2 Ng5
43.Ke2 dxe3 44.Kxe3 Bd4+ 45.Ke2 g6 46.Nd3 Nh3 47.Ne1 Bxf2 48.Nf3 Bd4 49.Nxd4 Kxd4
50.Be7 g5 51.a4 f5 52.a5 Ke4 53.Bc5 f4 54.gxf4 Nxf4+ 55.Kf1 Kf3 56.Be7 g4
57.Bd8 Ng6 58.Kg1 Nf4 59.Kf1 Ng6 60.Kg1 h4 61.Kf1 g3 62.hxg3 hxg3 63.Bb6 Nf4
64.Kg1 Kg4 65.Bc7 Nd5 66.Bd6 Kh3 67.Be5 Nb4 68.Bc7 Nd3 69.Bb6 g2 70.Be3 Ne5  0-1

[Event "Moscow-ch"]
[Site "Moscow"]
[Date "1996.??.??"]
[Round "9"]
[White "Rustemov, Alexander"]
[Black "Gavrilov, Alexei"]
[Result "1-0"]
[WhiteElo "2535"]
[BlackElo "2445"]

1.Nf3 d5 2.g3 c6 3.Bg2 Bg4 4.b3 Nd7 5.Bb2 e6 6.c4 Ngf6 7.O-O Bd6 8.d3 O-O
9.Nbd2 Qe7 10.a3 e5 11.h3 Bxf3 12.Bxf3 Rad8 13.Qc2 Rfe8 14.e3 e4 15.dxe4 dxe4
16.Bg2 Be5 17.Bxe5 Qxe5 18.b4 c5 19.Rad1 h5 20.Nb1 cxb4 21.axb4 a5 22.bxa5 Qxa5
23.Nc3 Qe5 24.Rd4 Nc5 25.Rfd1 Rc8 26.Nd5 Nfd7 27.h4 g6 28.Bh3 f5 29.Nf4 Nf8
30.Rd5 Qe7 31.Bxf5 gxf5 32.Rxf5 Ncd7 33.Rg5+ Kf7 34.Qe2 Nf6 35.Rdd5 N8h7
36.Rdf5 Rg8 37.Qxh5+ Kf8 38.Nd5 Nxg5 39.hxg5  1-0

[Event "Moscow-ch"]
[Site "Moscow"]
[Date "1996.??.??"]
[Round "9"]
[White "Moizhess, Igor"]
[Black "Orlinkov, Maxim L"]
[Result "1/2-1/2"]
[WhiteElo "2410"]
[BlackElo "2305"]

1.Nf3 d5 2.g3 g6 3.Bg2 Bg7 4.d4 f5 5.O-O Nf6 6.c4 c6 7.Ne5 Be6 8.Qb3 Qb6
9.Qe3 Nbd7 10.Nc3 Nxe5 11.Qxe5 Kf7 12.c5 Qb4 13.a3 Qc4 14.e3 g5 15.Qc7 a5
16.Bf3 Rhc8  1/2-1/2

[Event "Moscow-ch"]
[Site "Moscow"]
[Date "1996.??.??"]
[Round "11"]
[White "Hachatrian, Vahagn"]
[Black "Grabuzova, Tatiana"]
[Result "0-1"]
[WhiteElo "2340"]
[BlackElo "2310"]

1.Nf3 d5 2.g3 c6 3.Bg2 Bg4 4.O-O Nd7 5.d3 e5 6.c4 Bd6 7.b3 Qe7 8.Bb2 Ngf6
9.Nbd2 e4 10.dxe4 dxe4 11.Ng5 e3 12.Nde4 exf2+ 13.Rxf2 Bc7 14.c5 Nxe4 15.Nxe4 O-O
16.b4 Rad8 17.Qc2 Ne5 18.Raf1 f6 19.Nd2 Bh5 20.Nc4 Ng4 21.Rf3 Bg6 22.Qb3 Bf7
23.Qc2 Rfe8 24.Re1 Bd5 25.Ra3 Bxg2 26.Kxg2 Qe4+ 27.Qxe4 Rxe4 28.Nd6 Bxd6
29.cxd6 Rxb4 30.Bc3 Rc4 31.Bd2 Rxd6 32.Bf4 Re6 33.h3 Ne5 34.Rxa7 Rb4 35.Rd1 Ng6
36.Rd8+ Kf7 37.e3 Nxf4+ 38.exf4 Re7 39.f5 Rbe4 40.g4 g6 41.Rh8 gxf5 42.gxf5 Kg7
43.Raa8 Kh6 44.Rag8 Rg7+ 45.Kf3 Rh4 46.Rxg7 Kxg7 47.Rb8 Rxh3+ 48.Kg4 Ra3
49.Rxb7+ Kh6 50.Rc7 Rxa2 51.Rxc6 Ra4+ 52.Kg3 Kg5 53.Rc7 h5 54.Rh7 h4+ 55.Kh3 Ra3+
56.Kg2 Kg4 57.Rg7+ Kxf5 58.Rh7 Kg5 59.Rh8 Rg3+ 60.Kf2 Kg4 61.Rg8+ Kf4 62.Rh8 Rf3+
63.Ke2 Rh3 64.Rf8 f5 65.Rf7 Rg3 66.Kf2 Rg5 67.Rh7 Kg4 68.Ra7 h3 69.Ra4+ f4
70.Ra1 Kh4 71.Ra4 h2 72.Rxf4+ Kh3 73.Rf3+ Kg4 74.Rg3+ Kh4 75.Rxg5 h1=Q 76.Rg2 Qh3
77.Kg1 Qe3+ 78.Kh2 Qf4+ 79.Kg1 Kh3 80.Rf2 Qc1+ 81.Rf1 Qe3+ 82.Kh1 Qe4+  0-1

[Event "New York CITS"]
[Site "New York"]
[Date "1996.??.??"]
[Round "11"]
[White "Kortschnoj, Viktor"]
[Black "Waitzkin, Joshua"]
[Result "1-0"]
[WhiteElo "2645"]
[BlackElo "2435"]

1.Nf3 d5 2.g3 c6 3.b3 Bg4 4.Bb2 Nd7 5.d3 Ngf6 6.Nbd2 e6 7.h3 Bh5 8.g4 Bg6
9.Nh4 Bd6 10.e3 O-O 11.Qe2 Ne8 12.Nxg6 fxg6 13.h4 a5 14.g5 Qe7 15.a4 Nc7
16.Bh3 b5 17.h5 Qxg5 18.Nf3 Qe7 19.hxg6 h6 20.Nd4 Ne5 21.axb5 cxb5 22.Qh5 a4
23.f4 a3 24.Bc3 Nd7 25.Bxe6+ Nxe6 26.Qxd5 Nc5 27.b4 Na4 28.Bd2 Rae8 29.f5 Qg5
30.Nxe6 Qg3+ 31.Kd1 Nb6 32.Qe4 Qf2 33.Rxa3 Rxf5 34.Ra7 Be5 35.Nxg7  1-0

[Event "JUG-chT"]
[Site "Niksic"]
[Date "1996.??.??"]
[Round "?"]
[White "Vukic, Milan"]
[Black "Pajkovic, Vladimir"]
[Result "1/2-1/2"]
[WhiteElo "2480"]
[BlackElo "2420"]

1.Nf3 d5 2.g3 Nc6 3.c4 d4 4.Bg2 e5 5.O-O Nf6 6.d3 Be7 7.b4 Nxb4 8.Nxe5 O-O
9.Nd2 Re8 10.Nb3 Bf8 11.Nf3 c5 12.a3 Nc6 13.e3 dxe3 14.Bxe3 Bf5 15.Ne1 Rc8
16.Bxc5 Bg4 17.Bf3 Rxe1 18.Rxe1 Bxf3 19.Qxf3 Bxc5 20.Nxc5 Nd4 21.Qxb7 Rxc5
22.Rab1 h6 23.Re7 Nf5 24.Rxf7 Qxd3 25.Rxf6 gxf6 26.Qa8+ Kg7 27.Rb7+ Kg6 28.Qe8+ Kg5
29.Qg8+ Kh5 30.g4+ Kh4 31.gxf5 Rxc4 32.Qg3+ Qxg3+ 33.hxg3+ Kh3 34.Kf1 Rc1+
35.Ke2 Rc2+ 36.Kf1 Rc1+ 37.Ke2 Rc2+ 38.Ke3 Rc3+ 39.Ke4 Rxa3 40.Rh7 Ra4+ 41.Kf3 Ra3+  1/2-1/2

[Event "JUG-chT"]
[Site "Niksic"]
[Date "1996.??.??"]
[Round "?"]
[White "Vukic, Milan"]
[Black "Savanovic, Aleksandar"]
[Result "1-0"]
[WhiteElo "2480"]
[BlackElo "2445"]

1.Nf3 d5 2.g3 c6 3.b3 Bg4 4.Bb2 Nd7 5.Bg2 Ngf6 6.O-O e6 7.c4 Be7 8.d4 O-O
9.Nc3 Bh5 10.h3 a5 11.g4 Bg6 12.Nh4 Qb6 13.Nxg6 hxg6 14.Rb1 Qa6 15.cxd5 exd5
16.e3 Bb4 17.a3 Bxc3 18.Bxc3 Rfe8 19.a4 b5 20.Qc2 Ne4 21.Rfc1 b4 22.Be1 Rac8
23.Qd1 c5 24.dxc5 Rxc5 25.Rxc5 Ndxc5 26.Qxd5 Qd3 27.Qxd3 Nxd3 28.Bxe4 Rxe4
29.Bd2 Re8 30.Kf1 Rd8 31.Ke2 Nxf2 32.Bxb4 axb4 33.Kxf2 f5 34.Ke2 Rc8 35.Kd3 Kf7
36.a5 Ke6 37.a6 Kd5 38.a7 Ra8 39.Ra1 Kc5 40.Ra4 Rd8+ 41.Ke2 Ra8 42.Kf3 Kd5
43.Kf4 fxg4 44.hxg4 g5+ 45.Kf5  1-0

[Event "JUG-chT"]
[Site "Niksic"]
[Date "1996.??.??"]
[Round "?"]
[White "Vukic, Milan"]
[Black "Blagojevic, Dragisa"]
[Result "1-0"]
[WhiteElo "2460"]
[BlackElo "2450"]

1.Nf3 d5 2.g3 c6 3.Bg2 Bg4 4.b3 Nd7 5.Bb2 e6 6.O-O Ngf6 7.c4 Bd6 8.d4 O-O
9.Nbd2 a5 10.a3 Qb8 11.Re1 b5 12.c5 Bc7 13.e4 dxe4 14.Nxe4 Nxe4 15.Rxe4 Nf6
16.Rxg4 Nxg4 17.Ne1 Nf6 18.Bxc6 Ra6 19.Bg2 b4 20.a4 Rd8 21.Qd3 Qc8 22.Nc2 Bb8
23.Ne3 Ra7 24.Qb5 Ne8 25.Rd1 Nc7 26.Qe2 Ne8 27.Qb5 Nc7 28.Qe2 Ne8 29.Nc4 Nf6
30.Nb6 Qa6 31.Qxa6 Rxa6 32.Bb7 Ra7 33.c6 Ne8 34.Nc8 Rxb7 35.cxb7 Rd7 36.Nb6 Rxb7
37.Nc4 Bc7 38.d5 exd5 39.Rxd5 Ra7 40.Be5 Nf6 41.Rc5 Ne8 42.Bxc7 Nxc7 43.Nxa5 g6
44.Nc6 Rb7 45.Kf1 Kf8 46.Ke2 Ke8 47.Kd3 Kd7 48.Nd4 Kd6 49.Kc4  1-0

[Event "JUG-chT"]
[Site "Niksic"]
[Date "1996.??.??"]
[Round "?"]
[White "Strikovic, Aleksa"]
[Black "Cabrilo, Goran"]
[Result "1/2-1/2"]
[WhiteElo "2550"]
[BlackElo "2470"]

1.Nf3 d5 2.g3 c6 3.Bg2 Bg4 4.d4 Nd7 5.O-O Ngf6 6.Nbd2 e6 7.Re1 Be7 8.e4 O-O
9.c3 Rc8 10.h3 Bh5 11.Qa4 a5 12.Qb3 b5 13.a4 b4 14.e5 Ne8 15.c4 Nc7 16.c5 f6
17.exf6 Bxf6 18.Qe3 Bxf3 19.Nxf3 e5 20.dxe5 Nxe5 21.Nxe5 Bxe5 22.f4 Bf6 23.Qf2 Qd7
24.f5 Qxf5 25.Qxf5 Bd4+ 26.Be3 Bxe3+ 27.Rxe3 Rxf5 28.Rae1 Kf8 29.h4 Re8 30.Rxe8+ Nxe8
31.Bh3 Rf7 32.Re6 Rf6 33.Re5 Nc7 34.Bd7 g6 35.Kg2 h5 36.g4 hxg4 37.Kg3 Na6
38.Re8+ Kg7 39.Rc8 Nxc5 40.Bxc6 Ne4+ 41.Kxg4 Rf2 42.Bxd5 Nf6+ 43.Kg3 Rxb2
44.Bf3 Ra2 45.Rc7+ Kh6 46.Rc6 Kg7 47.Rc7+ Kh6 48.Rc6  1/2-1/2

[Event "JUG-chT"]
[Site "Niksic"]
[Date "1996.??.??"]
[Round "?"]
[White "Vujadinovic, Goran"]
[Black "Brajovic, Radovan"]
[Result "1-0"]
[WhiteElo "2385"]
[BlackElo "2390"]

1.g3 d5 2.Nf3 g6 3.Bg2 Bg7 4.O-O e5 5.c4 dxc4 6.Qa4+ Nc6 7.Qxc4 Nge7 8.d3 O-O
9.Nc3 Be6 10.Qa4 h6 11.Bd2 a6 12.Ne4 b6 13.Rfc1 f5 14.Rxc6 Qd7 15.Rc4 b5
16.Nc5 Qe8 17.Qa3 bxc4 18.Nxe5 Bd5 19.Nxg6 Nxg6 20.Bxd5+ Kh7 21.Bxa8 Qxa8
22.Bc3 Bxc3 23.bxc3 cxd3 24.Nxd3 f4 25.Qc5 Qc8 26.Qh5 Rf5 27.Qh3 fxg3 28.hxg3 Qe6
29.Nc5 Qf7 30.Ne4 Qd5 31.Qg2 Kg7 32.a4 Re5 33.f3 h5 34.Qf2 c5 35.Qe3 h4 36.gxh4 Nxh4
37.Kf2 Ng6 38.Rg1 Qd8 39.Qf4 Rh5 40.Qg3 Qb6 41.c4 Qe6 42.Qd6 Qxd6 43.Nxd6 Kh7
44.Ne4 Kh6 45.Nf6 Rf5 46.Ng4+ Kg7 47.Rb1 Rf4 48.Rb6 Ne7 49.e4 Rf8 50.Rxa6 Rb8
51.Ra7 Kf8 52.Ne5 Rb2+ 53.Kg3  1-0

[Event "JUG-chT"]
[Site "Niksic"]
[Date "1996.??.??"]
[Round "?"]
[White "Nikolic, Sava N"]
[Black "Vujosevic, Vladimir"]
[Result "1/2-1/2"]
[WhiteElo "2335"]
[BlackElo "2405"]

1.Nf3 d5 2.g3 Nf6 3.Bg2 Bf5 4.c4 e6 5.b3 h6 6.O-O Be7 7.Bb2 O-O 8.d3 c6 9.Qc2 Nbd7
10.a3 a5 11.Nbd2 Bh7 12.Bc3 Bd6 13.b4 e5 14.c5 Bc7 15.e4 dxe4 16.dxe4 Re8
17.Rad1 axb4 18.axb4 b6 19.cxb6 Bxb6 20.Qb2 Qe7 21.Nc4 Bc7 22.Nfd2 Qe6 23.Rfe1 Nb6
24.Qb3 Rad8 25.Ra1 Nxc4 26.Qxc4 Qxc4 27.Nxc4 Rd3 28.Ra3 Bg6 29.Bf1 Rdd8 30.f3 Nd7
31.Ra7 Bb6+ 32.Nxb6 Nxb6 33.Rea1 f6 34.R1a6 Rb8 35.Rc7 Nc8 36.Bc4+ Kf8 37.Raxc6 Ne7
38.Ra6 Rec8 39.Raa7 Rxc7 40.Rxc7 Bf7 41.Ba6 Be8 42.Bc4 Ba4 43.f4 exf4 44.gxf4 Ke8
45.Be6 Kd8 46.Ra7 Bc2 47.e5 Rb6 48.Ba2 fxe5 49.Bxe5 Rxb4 50.Bc7+ Ke8 51.Be6 Nf5
52.Be5 Rb6 53.Bd7+ Kf8 54.Bxf5 Bxf5 55.Bxg7+ Ke8 56.Kf2 Rg6 57.Ke3 h5 58.Kd4 Re6
59.Be5 Rb6 60.h4 Bg4 61.Kd5 Rb7 62.Ra6 Rb5+ 63.Ke4 Rb4+ 64.Bd4 Rb5 65.Be5 Rb4+
66.Kd5 Rb5+ 67.Kc6 Rb1 68.Ra7 Rd1 69.Rg7 Rh1 70.Bf6 Rf1 71.Bg5 Rc1+ 72.Kd5 Rd1+
73.Ke4 Re1+ 74.Kd3 Rd1+ 75.Kc2 Rd7 76.Rg8+ Kf7 77.Rb8 Ke6 78.Rf8 Rf7 79.Re8+ Kf5
80.Re5+ Kg6 81.Kd3 Rd7+ 82.Ke4 Rf7 83.Rb5 Rf5 84.Rb6+ Kf7 85.Ra6 Rb5 86.Bf6 Bf5+
87.Ke3  1/2-1/2

[Event "JUG-chT"]
[Site "Niksic"]
[Date "1996.??.??"]
[Round "?"]
[White "Lazic, Miroljub"]
[Black "Vujosevic, Vladimir"]
[Result "1/2-1/2"]
[WhiteElo "2455"]
[BlackElo "2405"]

1.Nf3 d5 2.g3 Nf6 3.Bg2 Bf5 4.O-O e6 5.d3 h6 6.b3 Be7 7.Bb2 O-O 8.Nbd2 Bh7
9.Re1 a5 10.a3 c5 11.c4 Nc6 12.cxd5 exd5 13.Rc1 d4 14.Nc4 Qc7 15.a4 Rad8
16.Na3 Bf5 17.Nb5 Qb8 18.Nd2 Nd5 19.Nc4 Rfe8 20.e4 dxe3 21.Nxe3 Nxe3 22.Rxe3 Bf8
23.Rxe8 Rxe8 24.d4 Nxd4 25.Nxd4 cxd4 26.Qxd4 b6 27.Bd5 Be6 28.Bxe6 Rxe6 29.Rd1  1/2-1/2

[Event "JUG-chT"]
[Site "Niksic"]
[Date "1996.??.??"]
[Round "?"]
[White "Kostic, Vladimir"]
[Black "Pajkovic, Vladimir"]
[Result "1/2-1/2"]
[WhiteElo "2410"]
[BlackElo "2420"]

1.Nf3 d5 2.g3 Bg4 3.Bg2 Nd7 4.d4 c6 5.O-O e6 6.c4 Ngf6 7.Bf4 Be7 8.Nc3 O-O
9.h3 Bxf3 10.Bxf3 dxc4 11.e4 Re8 12.Qc2 Qa5 13.Bd2 Qc7 14.e5 Nd5 15.Ne4 b5
16.b3 c5 17.Nd6 Bxd6 18.exd6 cxb3 19.dxc7 bxc2 20.dxc5 Rac8 21.Rfc1 Rxc7
22.Rxc2 Rec8 23.a4 bxa4 24.Rxa4 Nxc5 25.Ra3 h6 26.h4 Nd7 27.Rca2 Ne5 28.Bxd5 exd5
29.Bf4 f6 30.Rxa7 Rxa7 31.Rxa7 Rd8 32.Kf1 d4 33.Bxe5 fxe5 34.Ke2 Rb8 35.Rd7 Rb5
36.Kd3 Kf8 37.Ra7 Rb2 38.f4 exf4 39.gxf4 Rf2 40.Ke4 d3 41.Rd7 d2 42.Ke3 Rh2
43.h5 Ke8 44.Rxd2 Rxh5 45.Ra2 Kf7 46.Ra6  1/2-1/2

[Event "JUG-chT"]
[Site "Niksic"]
[Date "1996.??.??"]
[Round "?"]
[White "Drasko, Milan"]
[Black "Cabrilo, Goran"]
[Result "1/2-1/2"]
[WhiteElo "2505"]
[BlackElo "2490"]

1.Nf3 d5 2.g3 Nf6 3.Bg2 e6 4.c4 Be7 5.O-O O-O 6.b3 a5 7.Nc3 c6 8.d4 b6 9.Bb2 Nbd7
10.cxd5 cxd5 11.Rc1 Ba6  1/2-1/2